| 000 | 00670nam a2200229 u 4500 | ||
|---|---|---|---|
| 001 | 000044776 | ||
| 005 | 20200120222433.0 | ||
| 008 | 100923s2007 cau r 000 0 spa d | ||
| 020 | _a9789587103489 | ||
| 043 | _as-ck--- | ||
| 082 | 0 | 4 |
_aAP _bDELMm |
| 100 | 1 | _aDelmar, Meira | |
| 245 | 1 | 3 |
_aAlguien pasa / _cMeira Delmar. |
| 250 | _a1a. ed. | ||
| 260 |
_aBogotá : _bUniversidad Externado de Colombia : El Malpensante, _c2007. |
||
| 300 | _a73 p. | ||
| 490 | 0 |
_aUn libro por centavos _n30 |
|
| 500 | _aEj.1 de Mosquera donado por la Biblioteca Nacional - PNLB 2012. | ||
| 650 | 1 | 7 | _aPoesÃa adulto |
| 650 | 2 | 7 | _aLiteratura adulto |
| 650 | 2 | 7 | _aLiteratura colombiana |
| 999 |
_c2770 _d2770 |
||